000 00470nam a2200169Ia 4500
008 090711s9999 xx 000 0 und d
082 _b14
100 _aडंके विनायक
245 _aSाौकट
260 _bराज पब्लिकेशन्स
_c1997
300 _a200
600 _aडंके विनायक
630 _aSाौकट
700 _aडंके विनायक
730 _aSाौकट
942 _cBOOK
999 _c323494
_d323494